[Event "Tata Steel Masters"]
[Site "Wijk aan Zee"]
[Date "2021.01.26"]
[Round "9.4"]
[White "Wojtaszek, Radoslaw"]
[Black "Caruana, Fabiano"]
[Result "0-1"]
[WhiteElo "2705"]
[BlackElo "2823"]
[EventDate "2021.??.??"]
[Annotator "Bojkov,Dejan"]
[PlyCount "78"]
[Beauty "7698326245908"]
[EventType "swiss"]
[EventRounds "13"]
[EventCountry "NED"]

1.c4 Nf6 2.Nf3 d6 {Already a surprise. Caruana plays the KID very, very rarely.} 3.d4 g6 4.Nc3 Bg7 5.e4 O-O 6.Be2 e5 ( {One comparison to what happened in the game later. The standard way of pressurizing the white center and in particular the d4-pawn, is} 6...Bg4 7.Be3 Nfd7 {Then, however, White is well defended and tournament practice promises White the advantage. One recent example is} 8.O-O Nc6 9.d5 Bxf3 10.Bxf3 Na5 11.Be2 Bxc3 12.bxc3 e5 13.dxe6 fxe6 {Giri,A (2763)-Anton Guijarro,D (2703) Chess.com 2020} ) 7.O-O Bg4 {This is what the American wanted to try, a relatively fresh line.} 8.Be3 ( {Last year Firouzja got a better position as White with the help of} 8.dxe5 Bxf3 9.exf6 Bxe2 10.Qxe2 Bxf6 11.Bh6 Re8 12.Rad1 Nc6 13.Nd5 Bh8 14.b3 {Firouzja,A (2728)-Paravyan,D (2653) Online 2020} ) 8...Bxf3 $5 {The main point behind Black's idea. He wins a few tempi chasing the enemy bishops back.} 9.Bxf3 exd4 10.Bxd4 Nc6 11.Be3 Re8 12.Qd2 ( {In the ideal case, White would love to fianchetto his light-squared bishop, then prepare f2-f4, and slowly squeeze the knights. There does not seem to be enough time for this, though. The lines} 12.g3 Nd7 13.Rc1 ( {Or} 13.Bg2 Bxc3 14.bxc3 {and the knights are not worse than the bishop in this static position.} ) 13...Bxc3 $1 14.Rxc3 Nc5 {reveal a problem with the e4-pawn.} ) 12...Nd7 13.Rad1 Bxc3 $1 $146 {An important novelty which softens the e4-pawn, just as in the line from above.} ( {An email game went} 13...Nc5 14.Rfe1 a5 15.b3 Bxc3 16.Qxc3 Nxe4 17.Bxe4 Rxe4 18.Bh6 Re5 19.Rxe5 Nxe5 20.f4 Qh4 21.fxe5 Qxh6 22.exd6 cxd6 23.Rxd6 Re8 24.h3 Qh4 25.Qd4 {1/2-1/2 (25) Sirota,A (2384)-Salceanu,V (2512) ICCF email 2000} ) 14.Qxc3 Qf6 15.Qc1 ( {White drops the pawn at once in case of the queen swap:} 15.Qxf6 Nxf6 ) ( {However,} 15.Qc2 {seemed more natural. To this Black likely planned} 15...Nc5 16.a3 a5 {locking the queenside.} ) 15...Nc5 16.Qb1 {The queen ended defending the pawn anyway.} ( {The capture} 16.Bxc5 $2 dxc5 {would be a positional resignation.} ) ( {Perhaps at first Wojtaszek intended to force a draw with} 16.Bg5 Qg7 17.Bh6 Qf6 18.Bg5 {but then realized that Black is not forced to do that and may chose instead} 18...Qh8 $5 19.Rfe1 Ne5 {with multiple fork threats.} ) 16...Qe6 {Aggressive play by Caruana.} ( {The play for the blockade is still there, but Black wants more now.} 16...a5 $5 ) 17.Rfe1 ( {Perhaps it is better to sacrifice the central pawn with either} 17.b3 Nxe4 18.Qc2 ) ( {Or with the computer-like} 17.b4 Nxe4 18.Rc1 {getting some air for the bishops.} ) 17...Qxc4 {Black has won a pawn, but the bishop pair cannot be underestimated.} 18.b3 Qc3 $1 {The queen is best located on the long diagonal.} 19.Bd2 ( {With his previous move, Caruana obstructed the bishop in getting to the long diagonal with} 19.Bc1 {as this can be met with} 19...Nd4 20.Bg4 f5 21.Bb2 Qc2 ) 19...Qf6 20.Bc1 h5 {And this is an aggressive blockade. By advancing the h-pawn, Black first secures the strong e5-outpost for his knight and can later push his kingside pawns even farther.} ( {The other way to build a solid blockade is} 20...Nd4 21.Bg4 Nce6 22.Bb2 c5 {but this allowed both white bishops a chance to seize good diagonals.} ) 21.Bb2 Ne5 22.Be2 h4 {Threatening h4-h3 immediately or after the preliminary Qf6-f4.} ( {Not the immediate} 22...Qf4 23.f3 h4 24.Bc1 Qf6 25.f4 ) 23.Qc1 ( {There is no time for} 23.Bc1 h3 ) 23...g5 24.Bb5 {Wojtaszek is trying to provoke some pawn pushes in order to get some objects to attack.} ( {However, the aggressive} 24.b4 $1 {might have been more to the point. In that case, White might have feared the piece sacrifice after} 24...Nxe4 ( 24...Ne6 {should be played.} ) 25.f3 Ng3 $5 {But then the maneuver} 26.hxg3 hxg3 27.Bc4 Qh6 28.Bxe5 Rxe5 29.Rxe5 dxe5 30.Qe3 $1 {saves White from the mating attack:} 30...Qh2+ 31.Kf1 Qh1+ 32.Qg1 ) 24...Re7 {But Caruana rejects even that.} ( 24...c6 25.Bc4 {at least exposes the d6-pawn, and White can start mounting pressure against it.} ) 25.Re3 Qg6 {It all goes very smoothly for Black. He slowly brings everybody into the attack.} 26.Be2 Rae8 27.Qc2 Ne6 28.f3 {And this might make things even worse for Wojtaszek.} ( {The other pawn advance would be better:} 28.h3 {Intending to meet} 28...Nf4 {with} 29.Bxe5 dxe5 30.Bg4 $1 ) 28...Nf4 29.Bf1 c6 {Only now does he push the pawn, once that White can no longer attack.} 30.Qf2 Re6 $1 {The rook lift is the last preparation before the final storm. Wojtaszek was also short of time, and it is even more unpleasant for him psychologically not to force anything.} ( {It is too early for} 30...d5 31.exd5 Nxd5 32.Rxe5 Rxe5 33.Bxe5 Rxe5 34.Qxa7 ) ( 30...a6 $5 ) 31.Rc3 d5 {Now he can!} 32.g3 {This loses immediately, but it is really hard to provide White good advice.} ( {No time for} 32.Qxa7 h3 {with total collapse.} ) 32...hxg3 33.hxg3 dxe4 $3 {Nicely calculated. All the black pieces now make perfect sense.} ( {The other good way to attack is} 33...g4 $1 34.gxf4 Nxf3+ 35.Kg2 Qxe4 {And there is no escape from the deadly discovered check as} 36.Kg3 {loses to} 36...Qh7 $1 37.Rxf3 gxf3 38.Bd3 f5 ) 34.gxf4 ( 34.fxe4 Nh5 {would prolong the agony but would hardly save the game.} ) 34...gxf4+ 35.Qg2 exf3 $1 {The point behind the sacrifice. White can get mated in the endgame too.} 36.Qxg6+ Rxg6+ 37.Kh1 ( {Alas, the king cannot escape on the other side:} 37.Kf2 Rg3 38.Bd3 Ng4+ 39.Kf1 Nh2+ 40.Kf2 Rg2# {A study-like mate!} ) 37...f2 ( {It is never too late to spoil a brilliant game as we know:} 37...Kg7 $2 38.Rxf3 $1 ) 38.Bh3 ( {One more mate is happening after} 38.Rh3 Rg1+ 39.Kh2 Ng4# ) ( {Whereas} 38.Be2 f3 $1 {is just hopeless.} ) 38...Nc4 $1 {A nice final touch.} 39.Rxc4 Re1+ 0-1

[Event "Opera Euro Rapid | Knockout"]
[Site "Online"]
[Date "2021.02.09"]
[Round "1.2"]
[White "Aronian, Levon"]
[Black "Vachier Lagrave, Maxime"]
[Result "0-1"]
[WhiteElo "2778"]
[BlackElo "2860"]
[EventDate "2021.??.??"]
[Annotator "Bojkov,Dejan"]
[PlyCount "76"]
[Beauty "7767603600944"]
[EventType "rapid"]

1.d4 Nf6 2.c4 g6 3.Nc3 d5 {Not a major surprise; the Gruenfeld remains Vachier-Lagrave's main choice against 1.d4.} 4.Nf3 Bg7 5.Qb3 dxc4 6.Qxc4 Be6 7.Qa4+ Bd7 8.Qb3 ( {In his second white game, Aronian tried} 8.Qa3 Bc6 ( 8...c5 9.dxc5 Bc6 10.e3 Bxf3 11.gxf3 O-O 12.Bg2 Nd5 13.O-O Nxc3 14.bxc3 Qd3 15.Qb3 Na6 16.Ba3 Rac8 17.Rfd1 Qxc3 18.Rac1 Qa5 19.c6 bxc6 20.Bxe7 Rfe8 21.Bd6 {seems more pleasant for White, but Black eventually held in Shankland, S (2691)-Tari,A (2618) Online 2020} ) 9.e3 Bxf3 10.gxf3 Nbd7 11.f4 O-O 12.Bg2 c6 13.O-O e6 14.Rd1 Qb6 {Aronian,L (2778)-Vachier-Lagrave,M (2860) Online 2021} ) 8...c5 9.d5 b5 {Since White has a lost a few tempi shuffling his queen back and forth, Black has all the reasons to play aggressively.} 10.Nxb5 Na6 11.Nc3 Rb8 12.Qd1 Qa5 13.Qd2 $146 {This move, which was played instantly, is a novelty which will hardly be repeated ever. Aronian might have confused something.} ( {However, the predecessor should not have attracted the first player either:} 13.Nd2 Nxd5 14.Nxd5 Ba4 15.b3 Bc6 {0-1 Drenchev,P (2434)-Ivic,V (2548) Bajina Basta 2020} ) ( {Best is to sacrifice the pawn back with} 13.Bd2 Rxb2 14.e4 {although there too Black has no problems whatsoever and can claim advantage after} 14...Nb4 ( {Or even after some calm play like} 14...O-O 15.Rc1 Ne8 ) 15.Rc1 Nxa2 16.Nxa2 Qxa2 17.Bc4 Qa4 18.Qxa4 Bxa4 {finally transforming the initiative into an extra pawn.} ) 13...Nb4 14.e4 Ba4 $1 {This might have been missed by White. Vachier-Lagrave creates very concrete threats, which cannot be parried. No wonder, Black has almost all his pieces out, whereas Aronian uses less than half his army.} 15.b3 ( {Since} 15.Nxa4 {loses instantly to} 15...Nxe4 ) 15...Bxb3 16.Rb1 ( {The desperate} 16.axb3 Qxa1 17.Bc4 {cannot change anything. Black not only won material, he also has his attack running and a convincing way to prove it is:} 17...Ng4 18.Ne2 Bh6 19.Nf4 Na2 ) 16...Bc2 {The rook is trapped.} 17.Rb3 ( {Once again, the opened diagonals will finish White off in the line} 17.Rb2 Nxe4 $1 18.Nxe4 Bxe4 19.Rb3 Bxd5 20.Ra3 Nc2+ ) 17...Bxb3 18.axb3 Nd7 {Black won material, but does not slow his initiative. Now that the long diagonal has been opened more trouble awaits Aronian.} ( {Another convincing line would have been} 18...Bh6 19.Qxh6 Nc2+ 20.Kd2 Nxe4+ 21.Kxc2 Qxc3+ ) 19.Bb2 O-O {Simple and good.} ( {More flashy would have been} 19...Nxd5 $1 20.exd5 Rxb3 21.Nd1 Qxd2+ 22.Nxd2 Rxb2 23.Nxb2 Bxb2 {with a completely won endgame.} ) 20.Be2 Na2 $1 {Forcing more trades.} 21.Na4 Qxa4 $1 {The point behind his previous move. Vachier-Lagrave can even afford parting with his queen, that strong is his position.} 22.Bxg7 ( {Otherwise the attack is unstoppable after} 22.bxa4 Rxb2 23.Qe3 Bc3+ 24.Kd1 Bb4 {and there is no escape from Na2-c3+!} ) 22...Rxb3 23.Bxf8 Rb1+ 24.Bd1 Qxe4+ 25.Kf1 ( 25.Qe2 {is spectacularly refuted by} 25...Rxd1+ $1 26.Kxd1 Nc3+ ) 25...Nc3 26.Qxc3 Rxd1+ 27.Ne1 Nxf8 {White is down two pawns and completely stuck. The rest is easy:} 28.h4 Qxd5 29.Rh3 Ne6 30.Re3 Rd4 31.Nf3 Qc4+ 32.Qxc4 Rxc4 33.Ra3 Nd4 34.Nxd4 cxd4 35.Rxa7 d3 36.Ke1 Re4+ 37.Kd2 Re2+ 38.Kxd3 Rxf2 {An opening disaster for Aronian.} 0-1

[Event "Opera Euro Rapid | Knockout"]
[Site "Online"]
[Date "2021.02.11"]
[Round "14.2"]
[White "So, Wesley"]
[Black "Radjabov, Teimour"]
[Result "1-0"]
[WhiteElo "2741"]
[BlackElo "2758"]
[EventDate "2021.??.??"]
[Annotator "Bojkov,Dejan"]
[PlyCount "113"]
[Beauty "6598415878200"]
[EventType "rapid"]

1.e4 c5 2.Nf3 Nc6 3.Bb5 {The Rossolimo seems a good choice against Radjabov's Sveshnikov/Kalashnikov multi-year experience. An interesting fact is that Radjabov faced the Rossolimo in almost half of the games in which he went for 2...Nc6. Thus, where is the advantage in the main lines?} ( {At the end of last year, the same players discussed the main lines after} 3.d4 cxd4 4.Nxd4 e5 5.Nb5 d6 6.N1c3 a6 7.Na3 Be6 8.Nc4 Rb8 9.Ne3 Nf6 10.g3 h5 11.h4 Be7 {and Black was doing OK in So,W (2770)-Radjabov,T (2765) Online 2020} ) 3...g6 ( 3...e6 {is the main preference of the Azerbaijani GM.} ) 4.O-O Bg7 5.c3 Nf6 6.Re1 O-O ( {Last year Radjabov had a mini-match against Le after} 6...Qb6 7.Bf1 d6 8.Na3 Bg4 9.h3 Bxf3 10.Qxf3 O-O 11.d3 Nd7 12.Qd1 Rab8 13.Nc4 Qc7 14.a4 {Le,Q (2709)-Radjabov,T (2765) Online 2020} ) 7.d4 d5 8.e5 Ne4 9.Bxc6 bxc6 10.Be3 {This is White's major attempt these days. It slowly outshines the older 10.Nbd2.} ( {Although} 10.Nbd2 {is still played. Then Black sacrifices the central pawn with something like} 10...Bf5 11.Nh4 Be6 12.Nxe4 dxe4 13.Rxe4 cxd4 14.cxd4 c5 {destroying the white center and, as a rule, enjoys wonderful compensation, thanks to the bishop pair, Fedoseev,V (2664) -Motylev,A (2653) Khanty-Mansiysk 2015} ) 10...cxd4 11.cxd4 Qb6 12.Qc1 {The point behind White's play. He wants to stabilize the situation in the center, fix the c6-pawn and turn it into permanent weakness. The a-pawn might also be problematic for Black in the future.} 12...a5 13.Nc3 Nxc3 14.Qxc3 Bf5 {Deviating from his game against Grischuk.} ( {So apparently studied Radjabov's earlier game} 14...Bg4 15.Nd2 Rfb8 16.b3 a4 17.h3 Bf5 18.Rec1 h5 19.bxa4 Rxa4 20.Qxc6 Qxc6 21.Rxc6 Rba8 {and liked what he saw, Grischuk,A (2777) -Radjabov,T (2765) Online 2021} ) 15.b3 Rfb8 16.Nd2 h5 $146 {A novelty.} ( {A top-level predecessor went} 16...a4 17.h3 Qa5 18.Qxa5 Rxa5 19.bxa4 Rxa4 20.Rec1 Rb6 21.g4 Bd3 22.Rc3 Bb5 23.a3 Bxe5 $5 24.dxe5 d4 25.Ne4 dxc3 26.Nxc3 Rba6 27.Nxa4 Rxa4 28.Bc5 {with a minimal advantage for White, Giri,A (2776)-Le,Q (2713) Bucharest 2019} ) 17.h3 {The opening outcome is pleasant for White. The bishop pair is not much of an advantage here for Black as he cannot easily break open the position. As long as So keeps everything under control on the c5- and e5-squares, he can slowly squeeze his opponent, which is especially unpleasant in rapid games.} 17...Rc8 ( {Radjabov suggested} 17...a4 {pointing out that's what he did against Grischuk and saying: "By liquidating by ...a4, it's just very OK for Black. I just decided that maybe Wesley is not in a great mood so I can play on, but I completely missed the a3, Qb2 stuff. Suddenly I'm on the defensive."} ) 18.Rac1 Bf8 19.a3 Rab8 {An obvious move that, however, does not build enough queenside pressure.} ( {A more interesting idea seems} 19...e6 $5 20.Qb2 Be7 21.Rc3 Qd8 22.Rec1 Qf8 $1 {keeping White busy on the queenside.} ) 20.Qb2 Qd8 21.Rc3 {White's plan is simple and effective. Attack the weak queenside pawns with everything that you can. If a chance occurs, swap off the dark-squared bishops, and this would already be a strategically won position for White.} ( {Or} 21.Bg5 Qd7 22.Re3 ) 21...Qd7 ( {It is not too late for} 21...e6 $5 22.Rec1 Rb6 23.Nf3 Be7 {Preparing Qd8-f8.} ) 22.Rec1 f6 {After this move, the dark squares get severely weakened.} ( {However, Black's position is already unpleasant, say:} 22...Rb6 23.Nf3 e6 {with an edge for White after both} ( {Or} 23...Qb7 24.Nh4 ) 24.Bg5 $1 ( {and} 24.Nh2 $1 {in these lines Black does not have time to organize counterplay on the queenside, and White can exploit the weakness of the dark squares slowly and steadily.} ) ) 23.Rc5 {As usual, So is neatly following his plan.} ( {Also interesting is} 23.Nf3 {Not fearing} 23...Be4 24.Bf4 Qf5 25.Qd2 ) 23...Rb5 24.a4 Rxc5 25.Rxc5 {With the trade of a rook pair, the weaknesses on the queenside are clearly exposed. Radjabov lost the strategical battle, therefore he decides to launch complications with...} 25...Bxh3 ( {After} 25...Ra8 26.Qc3 {the pawns would start dropping.} ) 26.gxh3 Qxh3 27.Nf1 fxe5 28.dxe5 Bg7 ( {If} 28...Qg4+ 29.Ng3 h4 30.Qe2 {comes just in time.} ) 29.Qd4 Qe6 30.Rxa5 Bxe5 31.Qh4 {There are enough defenders around the white king, and the a-passer is ready to move. The compensation is clearly insufficient.} 31...Rf8 32.Ra7 Bd6 33.b4 Rf3 34.Ra8+ Kf7 35.Bh6 $1 {Again, very neat. So trades the active black rook.} ( {Or} 35.Kg2 Rf5 36.a5 ) 35...Qe2 36.Rf8+ Ke6 37.Rxf3 Qxf3 38.Be3 Kd7 39.a5 Kc8 40.Bc5 $1 {Forcing another concession by Black.} 40...Bf4 ( {Since} 40...Bxc5 41.bxc5 Qe2 {loses after} 42.Ne3 ) 41.Qxe7 Qg4+ 42.Ng3 Bxg3 43.fxg3 Qxg3+ 44.Kf1 {So correctly calculated that the checks cannot last forever.} 44...Qd3+ 45.Kf2 Qd2+ 46.Kf3 Qd1+ 47.Kf4 Qg4+ 48.Ke5 {This required precise calculation, but So has seen everything.} 48...Qe4+ 49.Kf6 Qxe7+ 50.Kxe7 h4 51.Kd6 h3 ( {After} 51...g5 {mate will be} 52.a6 h3 53.Kxc6 h2 54.a7 h1=Q 55.a8=Q# ) 52.Bg1 d4 53.Kxc6 d3 54.a6 Kb8 55.b5 d2 56.a7+ Ka8 57.b6 1-0

[Event "Opera Euro Rapid | Knockout"]
[Site "Online"]
[Date "2021.02.12"]
[Round "2.6"]
[White "Vachier Lagrave, Maxime"]
[Black "Carlsen, Magnus"]
[Result "1-0"]
[WhiteElo "2860"]
[BlackElo "2881"]
[EventDate "2021.??.??"]
[Annotator "Bojkov,Dejan"]
[PlyCount "101"]
[Beauty "6943754183690"]
[EventType "rapid"]

1.e4 c5 2.Nf3 Nc6 3.Bb5 e6 4.O-O Nge7 5.Re1 Nd4 6.Nxd4 cxd4 7.c3 a6 8.Bf1 Nc6 9.b4 {Fighting for the center from the flank.} ( {The other way to pose problems for Black is} 9.a4 Bc5 10.b4 Bb6 11.Na3 O-O 12.Nc4 Bc7 13.cxd4 d5 14.exd5 Qxd5 15.Ba3 Nxd4 16.b5 Rd8 17.b6 Bb8 18.Ne3 Qg5 19.Rc1 Bd7 20.Rc5 {although Black did quite well later in Ragger,M (2657)-Fedorov,A (2573) Katowice 2017} ) 9...Be7 10.a4 O-O 11.Na3 dxc3 {Carlsen trades the central pawn, but does so at a moment when the opponent somewhat spoiled his coordination. Plus, he gains a long diagonal for his bishop.} 12.dxc3 Bf6 {In a must-win situation Vachier-Lagrave uncorks a novelty.} 13.b5 $5 $146 {New and interesting.} ( {Although in an email game White also managed to create problems for his opponent after} 13.Bd2 d5 14.a5 Bd7 15.Rc1 Rc8 16.Be3 Ne7 17.Bb6 Qe8 18.Bc5 {Sergeev,V (2476)-Valeinis, J (2497) ICCF email 2015} ) 13...axb5 {Carlsen rejects the offer.} ( {Critical was} 13...Bxc3 $1 14.Rb1 {Then} 14...axb5 ( {Or even} 14...Bxe1 15.bxc6 Bxf2+ 16.Kxf2 Qh4+ 17.Kg1 dxc6 18.Qc2 {Black has a lot of material but since the white pieces will soon occupy vital outposts it is the first player who enjoys the spectacle.} ) 15.Re3 b4 16.Nb5 Be5 17.Rh3 {There is certainly compensation for the pawns, but how good it is, still has to be proven.} ) 14.Nxb5 {Now White fixes his opening advantage.} 14...d5 15.Ba3 Be7 16.exd5 exd5 ( {There is no time for} 16...Bxa3 $2 17.dxc6 Be7 18.c7 {and White should use the strong passer soon.} ) 17.Bxe7 Nxe7 18.Qd4 {Black's pawns are clear targets, whereas the white ones are nicely defended by his super-knight. On top of that, Vachier-Lagrave has the more powerful bishop and therefore the advantage.} 18...Nc6 19.Qf4 Be6 20.Rab1 {But this is an inaccuracy that allows the world champion a chance to equalize, almost in full.} ( {Strong was} 20.Bd3 $1 {which keeps everything under control, when} 20...d4 {can be strongly met with} 21.Nc7 Rc8 22.Nxe6 fxe6 23.Qe4 {with a clear edge thanks to the weakened black kingside.} ) 20...d4 $1 {Black does not miss his chance. Now a bunch of pawns are being traded.} 21.Nc7 Rxa4 22.Nxe6 fxe6 23.Qg4 Qf6 24.f3 Qf5 {The simplest. More and more trades lead Carlsen closer to the overall win.} 25.Qxf5 exf5 26.Rxb7 dxc3 27.Bb5 Nd8 28.Rc7 Rb4 29.Ree7 {It is funny that Giri had a very similar position against Wojtaszek at Tata Steel recently. The only difference was that Black had the bishop and White the knight then. And yes, the c3 pawn was not on the board.} 29...Kh8 30.Bd3 Rd4 {That is not bad.} ( {However, opening some air for the king would have been more appropriate:} 30...h6 31.Rxg7 Ne6 32.Rh7+ Kg8 33.Ra7 Rd4 {with a likely draw.} ) 31.Bxf5 Rd2 {And this is already a giant step towards the loss.} ( {Carlsen needed his knight out as soon as possible:} 31...Rd6 $1 {would have done good job for that, e.g:} 32.h4 ( {Or} 32.Be4 Ne6 33.Rxc3 Nf4 34.Rcc7 ( {White can of course play for something with} 34.Rc2 Nh5 {but once that the knight establishes itself on f6 Black should be relatively safe.} ) 34...Rd1+ 35.Kf2 Rd2+ ) 32...Nc6 33.Re1 Nd4 34.Be4 c2 {with a likely draw.} ) 32.h4 $1 {Opening air for the king, and intending to open the seventh rank for his rooks.} 32...Rd4 ( {Here} 32...Rd6 {was still possible, but Black is already in trouble as in the line} 33.Be4 Ne6 34.Rxc3 Nf4 35.Rcc7 Rd1+ 36.Kh2 {The king is not bothered as in the line from above.} ) 33.Be4 Rg8 34.h5 h6 ( {The last chance was} 34...Rd1+ 35.Kh2 Rd6 36.Rxc3 Ne6 {although here too, the impression is that Black should not survive with his passive pieces.} ) 35.Rxc3 Rd6 36.Rc8 $1 {Now Black is tied up and it is only a matter of time until his position collapses.} 36...Ne6 {This loses at once.} 37.Rxg8+ Kxg8 38.Rxe6 $1 {Liquidating into won pawn endgame.} 38...Rxe6 39.Bd5 Kf7 40.Kf2 $1 {Winning an important tempo.} 40...Kf6 41.Bxe6 Kxe6 42.Ke3 Ke5 43.g4 Kd5 44.Kf4 Ke6 45.Ke4 Kf6 46.Kd5 Kf7 47.Kd6 Kf6 48.f4 Kf7 49.Ke5 Ke7 50.f5 Kf7 51.f6 1-0